[Event "Titled Tue 20th Aug Early"]
[Site "chess.com INT"]
[Date "2024.08.20"]
[Round "6"]
[White "Galchenko,Matvey"]
[Black "Nakamura,Hi"]
[Result "1-0"]
[WhiteElo "2438"]
[BlackElo "2802"]

1.e4 d5 2.exd5 Qxd5 3.Nc3 Qa5 4.d4 c6 5.Nf3 Nf6 6.Ne5 Be6 7.Nc4 Qd8 8.Be3 g6
9.h3 Bg7 10.Bd3 Nbd7 11.O-O O-O 12.Re1 Qc7 13.Qf3 Rad8 14.Bf4 Qc8 15.Rxe6 fxe6
16.Qe2 Nb6 17.Be5 Nh5 18.Nxb6 axb6 19.Bc4 b5 20.Bb3 b4 21.Na4 Rd5 22.Nb6 Qd8
23.Nxd5 exd5 24.Re1 Rf7 25.Qd2 Bxe5 26.Rxe5 Qd6 27.c4 bxc3 28.bxc3 b5 29.a4 bxa4
30.Bxa4 Nf6 31.Bc2 Qa3 32.Bd3 Nh5 33.g3 Nf6 34.Kg2 Ne8 35.c4 Nf6 36.cxd5 cxd5
37.Qe3 Qd6 38.Re6 Qd8 39.Qe5 Ne8 40.Rc6 Rf6 41.Bb5 Rxc6 42.Bxc6 Nf6 43.g4 h6
44.h4 Nxg4 45.Qe6+ Kg7 46.Qxg4 Qd6 47.Bb5 e5 48.Qg3 Kf6 49.Bd3 g5 50.hxg5+ hxg5
51.Qxe5+ Qxe5 52.dxe5+ Kxe5 53.Kg3 Kd4 54.Bb1  1-0

[Event "Titled Tue 20th Aug Late"]
[Site "chess.com INT"]
[Date "2024.08.20"]
[Round "6"]
[White "Dardha,Daniel"]
[Black "Nakamura,Hi"]
[Result "0-1"]
[WhiteElo "2608"]
[BlackElo "2802"]

1.Nf3 g6 2.g3 d5 3.Bg2 Bg7 4.d4 Nd7 5.O-O Nb6 6.a4 a5 7.Nc3 Nf6 8.Re1 Ne4
9.Nxe4 dxe4 10.Nd2 f5 11.e3 Be6 12.b3 c5 13.Bb2 cxd4 14.Nf1 Rc8 15.exd4 Nd5
16.c4 Nb4 17.Re3 Nc6 18.Re2 Bxd4 19.Rd2 Bxb2 20.Rxd8+ Rxd8 21.Qe1 Bxa1 22.Qxa1 Kf7
23.h4 Rd4 24.Ne3 Rhd8 25.Bh3 Rd3 26.Kg2 Rxb3 27.h5 Rd2 28.Qh8 Rxe3 29.Qxh7+ Ke8
30.Qxg6+ Bf7 31.Qg5 Ree2 32.h6 e3 33.Qxe3 Rxe3 34.h7 Be6 35.h8=Q+ Kd7 36.Qa8 Rb3
37.Kg1 Rb1+ 38.Bf1 Bxc4 39.Kh2 Bxf1  0-1

[Event "Titled Tue 20th Aug Early"]
[Site "chess.com INT"]
[Date "2024.08.20"]
[Round "7"]
[White "Nakamura,Hi"]
[Black "Csonka,B"]
[Result "1-0"]
[WhiteElo "2802"]
[BlackElo "2473"]

1.e3 Nf6 2.Ne2 d5 3.Ng3 e5 4.d4 e4 5.c4 c6 6.Qb3 Be7 7.Bd2 O-O 8.Bb4 Bxb4+
9.Qxb4 a5 10.Qb3 h5 11.h4 Na6 12.a3 Nc7 13.cxd5 Ncxd5 14.Nc3 Re8 15.Bc4 g6
16.Bxd5 cxd5 17.Nge2 Be6 18.Nf4 Qd6 19.Rc1 Rec8 20.O-O b6 21.Rc2 Rc6 22.Rfc1 Rac8
23.Na4 Nd7 24.Rc3 Kg7 25.Qb5 Rxc3 26.Rxc3 Rxc3 27.Nxc3 Nf6 28.Kf1 Kg8 29.Ke1 Kg7
30.Kd2 Kh6 31.Na4 Nd7 32.Qa6 Qc6 33.Nc3 Nf6 34.Qa7 Kg7 35.Qe7 Qd7 36.Qxd7 Nxd7
37.Ncxd5  1-0

[Event "Titled Tue 20th Aug Late"]
[Site "chess.com INT"]
[Date "2024.08.20"]
[Round "7"]
[White "Nakamura,Hi"]
[Black "Terry,R"]
[Result "1/2-1/2"]
[WhiteElo "2802"]
[BlackElo "2514"]

1.e4 e6 2.d4 d5 3.Nd2 Be7 4.Ngf3 Nf6 5.e5 Nfd7 6.Bd3 c5 7.c3 Nc6 8.O-O a5
9.a4 cxd4 10.cxd4 Nb4 11.Bb5 O-O 12.Nb1 Nb8 13.Re1 N8c6 14.Ra3 Bd7 15.h4 Na7
16.Bxd7 Qxd7 17.Rae3 Rac8 18.Nc3 b5 19.h5 bxa4 20.h6 g6 21.Nh2 Rc7 22.Bd2 Nb5
23.Nf3 Nxc3 24.Rxc3 Rfc8 25.Qb1 Rxc3 26.bxc3 Na6 27.Bg5 Bf8 28.Nh2 Rxc3 29.Ng4 Qc8
30.Qb6 Rc6 31.Qb5 a3 32.Ra1 Bb4 33.Kh2 Rc4 34.Qb6 Nc7 35.Bc1 Na8 36.Qb5 Nc7
37.Qb6 Na8 38.Qb5 Nc7 39.Qb6  1/2-1/2

[Event "Titled Tue 20th Aug Early"]
[Site "chess.com INT"]
[Date "2024.08.20"]
[Round "8"]
[White "Dzhumagaliev,Y"]
[Black "Nakamura,Hi"]
[Result "0-1"]
[WhiteElo "2411"]
[BlackElo "2802"]

1.d4 e6 2.Nf3 Ne7 3.g3 Ng6 4.Bg2 b6 5.O-O Bb7 6.c4 d6 7.Nc3 Nd7 8.e4 Be7
9.h4 h6 10.Qe2 Ngf8 11.e5 dxe5 12.dxe5 Qc8 13.Rd1 Nh7 14.Qd2 Rb8 15.Nb5 Ra8
16.Qf4 a6 17.Nbd4 Nhf8 18.h5 c5 19.Ne2 Nh7 20.Qg4 Ng5 21.Bxg5 hxg5 22.Nc3 Bxf3
23.Qxf3 Ra7 24.Re1 Qb8 25.Qe2 O-O 26.Rad1 Rd8 27.Rd3 Nf8 28.Red1 Rad7 29.Rxd7 Nxd7
30.f4 Nf8 31.Rxd8 Qxd8 32.Qd1 gxf4 33.Qxd8 Bxd8 34.gxf4 g5 35.hxg6 Nxg6 36.Ne2 Bh4
37.Be4 Kg7 38.Kg2 Be1 39.Kf3 Ne7 40.Nc1 Ng8 41.Nd3 Bh4 42.b4 cxb4 43.Nxb4 a5
44.Nc6 Be1 45.Nb8 Bb4 46.Nd7 Bc5 47.Nxc5 bxc5 48.Kg4 f6 49.Bc6 Ne7 50.Bd7 Kf7
51.Kf3 Ng6 52.Ke4 Nh4 53.Bc8 Ke7 54.Ba6 Nf5 55.Bb5 Nd4 56.Ba6 Ne2 57.a3 Nd4  0-1

[Event "Titled Tue 20th Aug Late"]
[Site "chess.com INT"]
[Date "2024.08.20"]
[Round "8"]
[White "Bortnyk,Olexandr"]
[Black "Nakamura,Hi"]
[Result "0-1"]
[WhiteElo "2608"]
[BlackElo "2802"]

1.d4 e6 2.e4 d5 3.e5 c5 4.Nf3 Nc6 5.Bd3 cxd4 6.O-O Qb6 7.Nbd2 Nge7 8.Nb3 Bd7
9.Bf4 Ng6 10.Bg3 Be7 11.Re1 Rc8 12.h4 Bd8 13.h5 Nge7 14.Bh4 h6 15.a4 a6 16.Qd2 Bc7
17.Qf4 f5 18.a5 Qb4 19.Nbxd4 Nxd4 20.Nxd4 Nc6 21.c3 Qxb2 22.Qg3 O-O 23.Nxc6 Bxc6
24.Be7 Rf7 25.Bb4 d4 26.Rab1 Qa2 27.cxd4 Qd5 28.Bc5 Bxa5 29.Rec1 Re8 30.Qg6 Bd2
31.Bc4 Qe4 32.Rd1 Bg5 33.f3 Be3+ 34.Kf1 Qh4 35.Rb2 Bg5 36.Bxe6 Rxe6 37.Qxe6 Qh1+
38.Kf2 Qxd1 39.Qc8+ Kh7 40.Qe6 Bh4+ 41.Ke3 Qc1+ 42.Kd3 Qxb2 43.Qxf7 Bb5+
44.Ke3 Bg5+ 45.f4 Qe2+  0-1

[Event "Titled Tue 20th Aug Early"]
[Site "chess.com INT"]
[Date "2024.08.20"]
[Round "9"]
[White "Dardha,Daniel"]
[Black "Nakamura,Hi"]
[Result "0-1"]
[WhiteElo "2608"]
[BlackElo "2802"]

1.c4 e5 2.g3 Nf6 3.Bg2 d5 4.cxd5 Nxd5 5.Nf3 Nc6 6.O-O Nb6 7.a3 Be6 8.d3 Qd7
9.b4 f6 10.b5 Na5 11.Nc3 Nb3 12.Rb1 Nxc1 13.Qxc1 Bh3 14.a4 Bxg2 15.Kxg2 Rc8
16.Rd1 c5 17.e4 Rd8 18.Nd2 Nc8 19.Nc4 Ne7 20.Qe3 h5 21.f4 Ng6 22.f5 Ne7 23.Qf3 Nc8
24.Nd5 Bd6 25.h4 Qf7 26.Kh3 Ne7 27.Nce3 Kd7 28.a5 Kc8 29.a6 b6 30.Nc4 Nxd5
31.exd5 Kb8 32.Ra1 Rd7 33.Qe4 Rhd8 34.Rg1 Bf8 35.Ne3 Qe8 36.g4 hxg4+ 37.Rxg4 Qh5
38.Rag1 Qh7 39.Rg6 Qh5 40.d6 Qh7 41.Nc4 Qh5 42.Qg4 Qh8 43.Qf3 Qg8 44.Qe4 Qf7
45.h5 Rc8 46.Kh4 Rcd8 47.Qc6 e4 48.Qxe4 Re8 49.Qc6 Rc8 50.Qe4 Rcd8 51.Qf3 Qe8
52.R6g4 Qf7 53.Re1 Bxd6 54.Re6 Be5 55.Nxe5 fxe5 56.f6 Qxe6 57.fxg7 Rg8 58.Rg6 Qe7+
59.Kh3 Rxg7 60.Rxg7 Qxg7 61.Qc6 Rxd3+  0-1

[Event "Titled Tue 20th Aug Early"]
[Site "chess.com INT"]
[Date "2024.08.20"]
[Round "10"]
[White "Nakamura,Hi"]
[Black "Rakhmatullaev,Almas"]
[Result "1-0"]
[WhiteElo "2802"]
[BlackElo "2410"]

1.Nf3 d5 2.g3 c6 3.d3 Nf6 4.Nbd2 Nbd7 5.e4 e5 6.Bg2 Bd6 7.O-O O-O 8.b3 Re8
9.Bb2 a5 10.a3 b6 11.Re1 Qc7 12.exd5 cxd5 13.c4 Bb7 14.cxd5 Bxd5 15.Nc4 Bc5
16.Ncxe5 Nxe5 17.Nxe5 Bxg2 18.Kxg2 Rad8 19.d4 Rd5 20.Rc1 Qd8 21.Qf3 Bf8 22.Rc6 h5
23.Rec1 Bd6 24.Qf5 Bxe5 25.dxe5 Nd7 26.Rd6 Rxd6 27.exd6 Nc5 28.Rd1 Re2 29.Bc3 Ne4
30.Be1 Nxd6 31.Qf3 Re6 32.Qxh5 Qa8+ 33.Qf3 Qe8 34.Bc3 Ne4 35.Bd4 a4 36.b4 Ng5
37.Qd5 Ne4 38.Re1 Qc8 39.Rxe4 Rc6 40.Qg5 Rg6 41.Qe3 Qc2 42.Re8+ Kh7 43.Qe4 Qd1
44.Qh4+ Rh6 45.Rh8+ Kxh8 46.Qxh6+  1-0

[Event "Titled Tue 20th Aug Late"]
[Site "chess.com INT"]
[Date "2024.08.20"]
[Round "10"]
[White "Xiong,Jeffery"]
[Black "Nakamura,Hi"]
[Result "1-0"]
[WhiteElo "2646"]
[BlackElo "2802"]

1.d4 e6 2.e4 d5 3.e5 c5 4.c3 Qb6 5.Nf3 Nc6 6.Be2 cxd4 7.cxd4 Nh6 8.Bxh6 gxh6
9.Nc3 Bg7 10.O-O O-O 11.Na4 Qd8 12.Bb5 Ne7 13.Re1 Ng6 14.Nc5 a6 15.Ba4 b6
16.Nd3 a5 17.Bb5 Bd7 18.Qa4 Bc8 19.Rac1 Ra7 20.Rc3 Re7 21.Rec1 Bb7 22.Qc2 f6
23.Rc7 Rff7 24.Rxe7 Qxe7 25.exf6 Bxf6 26.Re1 Qd6 27.Re3 Rc7 28.Qe2 Nf4 29.Nxf4 Rc1+
30.Ne1 Qxf4 31.Rg3+ Bg5 32.Qxe6+ Kg7 33.h4 Bc8 34.Qe7+ Qf7 35.Qe5+ Qf6 36.Qe3 Qe6
37.Qxc1  1-0

[Event "Titled Tue 20th Aug Late"]
[Site "chess.com INT"]
[Date "2024.08.20"]
[Round "11"]
[White "Nakamura,Hi"]
[Black "Martinez Alcantara,Jose Eduardo"]
[Result "1-0"]
[WhiteElo "2802"]
[BlackElo "2612"]

1.e4 c5 2.Nf3 d6 3.d4 cxd4 4.Nxd4 Nf6 5.Nc3 a6 6.Be3 e5 7.Nf3 Qc7 8.a4 Be6
9.h3 Nbd7 10.Ng5 Bc4 11.Bd3 h6 12.Nf3 Be6 13.O-O Be7 14.Nh4 O-O 15.Qf3 Rfe8
16.Nf5 Bxf5 17.Qxf5 Nf8 18.Nd5 Nxd5 19.exd5 Qc8 20.Qh5 Bf6 21.Be4 Qd8 22.a5 Bg5
23.Bb6 Qe7 24.Ra3 Nd7 25.Rb3 Rac8 26.Qe2 g6 27.g3 h5 28.h4 Bh6 29.c3 f5 30.Bg2 e4
31.Bd4 Nc5 32.Rb6 Bg7 33.Bxg7 Kxg7 34.Rd1 Rc7 35.Qe3 Qe5 36.Rd4 Nd7 37.Rbb4 Nf6
38.Qd2 e3 39.Qxe3 Qxe3 40.fxe3 Rxe3 41.Rb6 Rce7 42.Rxd6 Re1+ 43.Bf1 Ne4 44.Re6 Rxe6
45.dxe6 Kf6 46.Kg2 Rb1 47.Rb4 Nd6 48.Be2 Kxe6 49.Bf3 Ra1 50.Bxb7 Rxa5 51.Bc6 Rc5
52.Rb6 a5 53.Ra6 Ke7 54.Ba4 Nc4 55.Rxg6 Nxb2 56.Bc2 Rxc3 57.Bxf5 Nc4 58.Kf2 a4
59.Re6+ Kf8 60.Ra6 a3 61.Bg6 Nd2 62.Ra7 Nc4 63.Bxh5 Nd6 64.Bf3 Nb5 65.Ra4 Rc2+
66.Ke3 Rc3+ 67.Kf4 Rc2 68.Bd5 Rb2 69.Ra5 Nc3 70.Be6 a2 71.h5 Ke7 72.Bg8 Kf8
73.Ra8+ Kg7 74.Kg5 Rb5+ 75.Kh4 Rb4+ 76.g4 Ne4 77.Bxa2 Nf6 78.Be6 Ne4 79.Ra7+ Kf6
80.Bf5 Nd6 81.Ra6 Ke5 82.Kg5 Rb5 83.h6 Nf7+ 84.Kg6 Nxh6 85.Kxh6 Kf4 86.Ra4+ Kg3
87.Kg5 Rb6 88.Ra3+ Kf2 89.Kf4 Kf1 90.Ra2 Rb4+ 91.Be4 Ke1 92.Ke3 Rb3+ 93.Bd3 Rb1
94.Rh2  1-0

[Event "Titled Tue 20th Aug Early"]
[Site "chess.com INT"]
[Date "2024.08.20"]
[Round "11"]
[White "Santos Latasa,J"]
[Black "Nakamura,Hi"]
[Result "0-1"]
[WhiteElo "2624"]
[BlackElo "2802"]

1.Nf3 d5 2.e3 c5 3.b3 Nc6 4.Bb2 f6 5.d4 Bg4 6.Be2 cxd4 7.Nxd4 Bxe2 8.Qxe2 Nxd4
9.exd4 Kf7 10.O-O e6 11.c4 Ne7 12.Nd2 Nc6 13.Rfd1 Qd7 14.Rac1 h5 15.Nf1 g6
16.Qf3 Bh6 17.Rc2 Rad8 18.Re2 Rhe8 19.Rde1 Bg7 20.Rd1 Ne7 21.Ne3 Bh6 22.h3 b5
23.cxd5 Nxd5 24.Nxd5 Qxd5 25.Qxd5 Rxd5 26.Rc2 Re7 27.Rc5 Red7 28.Rxd5 Rxd5
29.Kf1 e5 30.Ke2 e4 31.Bc1 Bf8 32.Bf4 g5 33.Be3 Be7 34.g4 Rd6 35.Rc1 Ra6
36.Rc2 hxg4 37.hxg4 Ke6 38.f3 Kd5 39.Kf2 Bd6 40.Ke2 Rb6 41.Kf2 Rb8 42.fxe4+ Kxe4
43.Rc6 Rd8 44.Ra6 Rd7 45.d5 Be5 46.a4 Rxd5 47.axb5 Rxb5 48.Ra4+ Kd5 49.Rxa7 Rxb3
50.Ra4 Bd6 51.Ke2 Ke6 52.Kf2 Kf7 53.Ke2 Kg6 54.Kf2 Be5 55.Rc4 Kg7 56.Ra4 Kf7
57.Rc4 Ke6 58.Ra4 Kd5 59.Ke2 Rb1 60.Kf2 Rh1 61.Kf3 Rh3+ 62.Ke2 Ke6 63.Kf2 Kf7
64.Ke2 Kg6 65.Kf2 Rg3 66.Ke2 Rh3 67.Kf2 Rh7 68.Kf3 Rb7 69.Ke2 Rc7 70.Kf2 Rc6
71.Ke2 Re6 72.Kf3 Re7 73.Rc4 Rd7 74.Ra4 Rd6 75.Rc4 f5 76.gxf5+ Kxf5 77.Ra4 Rd3
78.Ke2 Rd5 79.Kf3 Rb5 80.Ke2 g4 81.Ra2 Rb4 82.Kf1 Ke4 83.Bf2 g3 84.Bg1 Kf3
85.Ra3+ Kg4 86.Ra2 Kh3 87.Be3 Rb1+ 88.Ke2 g2 89.Kf3 Rf1+ 90.Ke4 Bg3 91.Ra8 Re1
92.Kf3 Rxe3+  0-1

[Event "Abu Dhabi Online Final"]
[Site "chess.com INT"]
[Date "2024.08.21"]
[Round "1.2"]
[White "Le Tuan Minh"]
[Black "Nakamura,Hi"]
[Result "0-1"]
[WhiteElo "2564"]
[BlackElo "2802"]

1.d4 c5 2.d5 Nf6 3.c4 d6 4.Nc3 g6 5.e4 Bg7 6.h3 e6 7.Bd3 O-O 8.Nf3 exd5 9.cxd5 b5
10.Nxb5 Nxe4 11.Bxe4 Re8 12.Ng5 f5 13.O-O fxe4 14.Re1 e3 15.Rxe3 Rxe3 16.Bxe3 a6
17.Nc3 Ra7 18.Ne6 Bxe6 19.dxe6 Nc6 20.Qd5 Ne7 21.Qc4 Qb8 22.Rd1 Qxb2 23.Ne4 h5
24.Nxd6 Ra8 25.Bxc5 Kh7 26.Nf7 Rc8 27.Ng5+ Kh8 28.Qa4 Ng8 29.Be3 Qf6 30.Qd7 Rf8
31.h4 Ra8 32.a4 Rb8 33.Bd4 Qf8 34.Nf7+ Kh7 35.Be3 Nf6 36.Qc7 Rc8 37.Ng5+ Kh8
38.Qf7 Qxf7 39.exf7 Nh7 40.Ne6 Nf8 41.Rd8 Rxd8 42.Nxd8 Bf6 43.Bh6 Bg7 44.Bg5 Bc3
45.Bh6 Bg7 46.Bf4 Bf6 47.Bc7 Bxh4 48.Nb7 Kg7 49.Nc5 Kxf7 50.Nxa6 Bf6 51.Bd6 Nd7
52.Nc7 Nb6 53.a5 Nc4 54.Bb4 Bd8  0-1

[Event "Abu Dhabi Online Final"]
[Site "chess.com INT"]
[Date "2024.08.21"]
[Round "1.1"]
[White "Nakamura,Hi"]
[Black "Le Tuan Minh"]
[Result "1-0"]
[WhiteElo "2802"]
[BlackElo "2564"]

1.e4 e5 2.Nf3 Nc6 3.Bb5 Bc5 4.d3 d6 5.c3 Bd7 6.O-O Nf6 7.Be3 Bb6 8.Nbd2 O-O
9.h3 Ne7 10.Bxd7 Qxd7 11.d4 Ng6 12.Re1 Rfe8 13.Qc2 h6 14.a4 exd4 15.Bxd4 Bxd4
16.cxd4 Re7 17.Nf1 Rae8 18.Ng3 Nf4 19.Re3 N4h5 20.Nxh5 Nxh5 21.Rae1 Nf6 22.Nd2 c6
23.b4 Re6 24.Nf1 Qc7 25.Ng3 Qb6 26.Qd2 a6 27.f3 Nh7 28.a5 Qd8 29.Ne2 Qh4
30.Rf1 f5 31.d5 R6e7 32.dxc6 bxc6 33.Nd4 f4 34.Rc3 Qf6 35.Rxc6 Ng5 36.Nf5 Re6
37.Rxd6 Kh8 38.Qxf4 Nf7 39.Rxe6 Qxe6 40.Qd2 Ne5 41.Qd5 Qf6 42.b5 axb5 43.Qxb5 Rd8
44.a6 Ng6 45.a7 Nf4 46.Qb8 Qg5 47.g3 Ne2+ 48.Kh2 Qd2 49.Rf2 Qe1 50.Rg2 Nxg3
51.Qxd8+  1-0

[Event "Abu Dhabi Masters Online"]
[Site "chess.com INT"]
[Date "2024.08.21"]
[Round "1"]
[White "Kurmangaliyeva,Liya"]
[Black "Nakamura,Hi"]
[Result "0-1"]
[WhiteElo "2220"]
[BlackElo "2802"]

1.d4 Nf6 2.c4 e6 3.Nf3 b6 4.a3 Bb7 5.Nc3 d5 6.Qc2 Nbd7 7.Bf4 a6 8.cxd5 exd5
9.e3 c5 10.Bd3 Rc8 11.O-O Be7 12.Rfd1 O-O 13.Bf5 g6 14.Bh3 Ne4 15.Ne5 f5
16.dxc5 Rxc5 17.Nxd7 Qxd7 18.Qxe4 g5 19.Be5 g4 20.Qf4 Qe6 21.Bd4 Rcc8 22.Ne2 Rc2
23.Ng3 gxh3 24.gxh3 Bd6 25.Qg5+ Qg6 26.h4 f4 27.Nf1 fxe3 28.Bxe3 Rxb2 29.Qxg6+ hxg6
30.Bd4 Rb3 31.Ng3 Rf4 32.h5 gxh5 33.Nxh5 Rg4+ 34.Ng3 b5 35.Re1 Rxd4 36.Re6 Bxg3
37.hxg3 Re4 38.Rb6 Re7 39.a4 d4  0-1

[Event "Abu Dhabi Online Final"]
[Site "chess.com INT"]
[Date "2024.08.21"]
[Round "2.2"]
[White "Lazavik,Denis"]
[Black "Nakamura,Hi"]
[Result "0-1"]
[WhiteElo "2578"]
[BlackElo "2802"]

1.d4 d5 2.c4 c5 3.cxd5 Nf6 4.e4 Nxe4 5.dxc5 Qa5+ 6.Bd2 Nxd2 7.Nxd2 Nd7 8.Nf3 Nxc5
9.Bc4 g6 10.O-O Bg7 11.Qe2 Qd8 12.Bb5+ Nd7 13.d6 e6 14.Ne4 a6 15.Bc4 O-O
16.Rac1 Nf6 17.Rfd1 Bd7 18.Ne5 Nxe4 19.Qxe4 Rc8 20.Bb3 Bxe5 21.Qxe5 Rxc1
22.Rxc1 Bc6 23.Rd1 h6 24.f4 Qb6+ 25.Qd4 Qxd4+ 26.Rxd4 Rd8 27.Kf2 Kf8 28.g4 Ke8
29.Ke3 Kd7 30.f5 g5 31.Rd2 Rh8 32.Bd1 Bd5 33.Bf3 Kxd6 34.fxe6 fxe6 35.Rc2 Rf8
36.Be2 Bxa2 37.b4 Bd5 38.Rb2 Rf4 39.h3 Re4+ 40.Kf2 e5 41.b5 a5 42.Rd2 a4
43.Rd3 Rd4 44.Rc3 Rb4 45.Rc8 a3 46.Ra8 a2  0-1

[Event "Abu Dhabi Masters Online"]
[Site "chess.com INT"]
[Date "2024.08.21"]
[Round "2"]
[White "Nakamura,Hi"]
[Black "Atakhan,Abtin"]
[Result "1-0"]
[WhiteElo "2802"]
[BlackElo "2412"]

1.Nf3 d5 2.g3 g6 3.Bg2 Bg7 4.O-O e5 5.d3 Nc6 6.c4 dxc4 7.dxc4 Qxd1 8.Rxd1 e4
9.Ne1 f5 10.f3 Nf6 11.Nc3 Be6 12.Nb5 Rc8 13.b3 Nd7 14.Rb1 a6 15.Na3 O-O 16.Be3 Nb4
17.Rd2 Bc3 18.Rdb2 Bxb2 19.Rxb2 exf3 20.Nxf3 c5 21.Ng5 Rce8 22.Bxb7 Bf7 23.Bf2 h6
24.Nxf7 Rxf7 25.Nb1 Rfe7 26.Nc3 Nf6 27.Bf3 Ne4 28.Bxe4 fxe4 29.Bxc5 Rb7 30.Bxb4 Rxb4
31.Nd5  1-0

[Event "Abu Dhabi Online Final"]
[Site "chess.com INT"]
[Date "2024.08.21"]
[Round "2.1"]
[White "Nakamura,Hi"]
[Black "Lazavik,Denis"]
[Result "1/2-1/2"]
[WhiteElo "2802"]
[BlackElo "2578"]

1.Nf3 d5 2.g3 Nf6 3.Bg2 e6 4.d3 Be7 5.Nbd2 Nc6 6.O-O O-O 7.e4 dxe4 8.dxe4 e5
9.Nc4 Nxe4 10.Nfxe5 Nxe5 11.Nxe5 Qxd1 12.Rxd1 Nf6 13.a4 a5 14.Be3 c6 15.Nc4 Be6
16.Nd6 Nd5 17.Bc5 b6 18.Ba3 Rad8 19.Nc4 Bxa3 20.Nxa3 Ne7 21.Rac1 g6 22.Nb1 Nd5
23.c3 Kg7 24.Nd2 Ne7 25.Nf3 c5 26.Re1 Rfe8 27.Bf1 Bd5 28.Nd2 Nf5 29.Rxe8 Rxe8
30.Rb1 Rd8 31.b4 cxb4 32.cxb4 axb4 33.Rxb4 Be6 34.Rb2 Rd4 35.h4 Rxa4 36.Rxb6 Nd4
37.Rb2 Ra1 38.Kh2 Ra2 39.Rxa2 Bxa2 40.Bg2  1/2-1/2

[Event "Abu Dhabi Online Final"]
[Site "chess.com INT"]
[Date "2024.08.21"]
[Round "3.1"]
[White "Andreikin,D"]
[Black "Nakamura,Hi"]
[Result "1-0"]
[WhiteElo "2729"]
[BlackElo "2802"]

1.d4 d5 2.c4 e6 3.Nf3 a6 4.cxd5 exd5 5.Nc3 c6 6.e4 dxe4 7.Ng5 Be7 8.Bc4 Nh6
9.Ngxe4 Nf5 10.d5 b5 11.Bb3 O-O 12.O-O Bb7 13.Bf4 b4 14.d6 bxc3 15.dxe7 Qxe7
16.Nd6 cxb2 17.Rb1 Bc8 18.Re1 Qh4 19.g3 Qd8 20.Rxb2 Nxd6 21.Bxd6 Bg4 22.Qd4 Be6
23.Rxe6 fxe6 24.Bxe6+ Kh8 25.Rb7 Rf6 26.Qe5 Qe8 27.Bb3 Qd8 28.Bxb8 h6 29.Ba7 Qd2
30.Qe7 Rg8 31.Bxg8 Qd1+ 32.Kg2 Qf3+ 33.Kg1 Qd1+ 34.Kg2 Qf3+ 35.Kf1 Qd1+ 36.Qe1 Qf3
37.Kg1 Kxg8 38.Bd4 Rg6 39.h4 Rg4 40.Be3 Rc4 41.Rd7 c5 42.Qd1 Qe4 43.Qd5+  1-0

[Event "Abu Dhabi Online Final"]
[Site "chess.com INT"]
[Date "2024.08.21"]
[Round "3.3"]
[White "Andreikin,D"]
[Black "Nakamura,Hi"]
[Result "0-1"]
[WhiteElo "2729"]
[BlackElo "2802"]

1.d4 d5 2.c4 c5 3.cxd5 Nf6 4.e4 Nxe4 5.dxc5 Qa5+ 6.Nd2 e6 7.Bd3 Nxc5 8.Bc2 exd5
9.Nf3 Qa6 10.Nb3 Nxb3 11.Bxb3 Bb4+ 12.Bd2 Bxd2+ 13.Qxd2 O-O 14.Qe2 Qa5+ 15.Kf1 Nc6
16.Rd1 Bg4 17.Rxd5 Qc7 18.Qe4 Bxf3 19.gxf3 Rae8 20.Qh4 Ne5 21.Qg3 Qe7 22.Rg1 Ng6
23.Rf5 Qb4 24.Qg4 Re1+ 25.Kg2 Nh4+ 26.Qxh4 Rxg1+ 27.Kh3 Qxh4+ 28.Kxh4 Rg2
29.Rd5 Rxh2+ 30.Kg3 Rh6 31.Rd7 Rb6 32.f4 g6 33.Rc7 Kg7 34.Rd7 a5 35.Rc7 Rb4
36.f5 a4 37.Bd5 Rxb2 38.fxg6 hxg6 39.a3 b5 40.Rb7 Rd2 41.Rxb5 Rd3+ 42.Kf4 Rxa3
43.Ra5 Rd3 44.Ke4 Rd2 45.f4 Re8+ 46.Kf3 Rd3+ 47.Kf2 Rb8  0-1

[Event "Abu Dhabi Online Final"]
[Site "chess.com INT"]
[Date "2024.08.21"]
[Round "3.2"]
[White "Nakamura,Hi"]
[Black "Andreikin,D"]
[Result "1-0"]
[WhiteElo "2802"]
[BlackElo "2729"]

1.Nf3 Nf6 2.g3 g6 3.Bg2 Bg7 4.b3 b6 5.Ne5 c6 6.d4 Bb7 7.O-O d6 8.Nd3 O-O
9.Bb2 d5 10.Nd2 Nbd7 11.c4 e6 12.Rc1 Rc8 13.e3 Ba6 14.Re1 c5 15.dxc5 Nxc5
16.Nxc5 bxc5 17.Rc2 Qe7 18.Qa1 Rfd8 19.Rec1 Ne8 20.Bxg7 Nxg7 21.Qc3 dxc4
22.Nxc4 Bxc4 23.Qxc4 Nf5 24.Qa4 h5 25.h4 Nh6 26.Qa5 Ng4 27.Bf3 Ne5 28.Be2 Rd5
29.e4 Nc6 30.Qa6 Rdd8 31.Rxc5 Nb4 32.Qxc8 Rxc8 33.Rxc8+ Kg7 34.a3 Na2 35.Ra1 Qb7
36.Rc2 Qxe4 37.Rcxa2 g5 38.hxg5 h4 39.gxh4 Qxh4 40.Bf3 Qxg5+ 41.Bg2 f5 42.Re1 f4
43.f3 Qc5+ 44.Rf2 Qxa3 45.Rxe6 Qxb3 46.Re7+ Kf6 47.Rxa7 Qb1+ 48.Bf1 Qg6+
49.Rg2 Qb1 50.Ra6+ Kf5 51.Rd2 Qb3 52.Rf2 Qg8+ 53.Bg2 Qb3 54.Ra5+ Kf6 55.Ra1 Qc3
56.Rd1 Kg5 57.Kh2 Kh4 58.Bh3 Qg7 59.Rg2 Qc3 60.Rd5 Qc2 61.Rh5+ Kxh5 62.Rxc2 Kh4
63.Kg2 Kh5 64.Bg4+ Kh4 65.Kf2 Kg5 66.Ke2 Kh4 67.Kd3 Kg3 68.Kd4  1-0

[Event "Abu Dhabi Masters Online"]
[Site "chess.com INT"]
[Date "2024.08.21"]
[Round "3"]
[White "Kamsky,G"]
[Black "Nakamura,Hi"]
[Result "1/2-1/2"]
[WhiteElo "2609"]
[BlackElo "2802"]

1.d4 e6 2.Nf3 d5 3.Bf4 Bd6 4.Bxd6 Qxd6 5.Nbd2 c5 6.e4 cxd4 7.exd5 Qxd5 8.Bc4 Qd8
9.O-O Nf6 10.Nb3 Nc6 11.Nbxd4 Nxd4 12.Qxd4 Qxd4 13.Nxd4 Bd7 14.c3 Ke7 15.Rfe1 Rhc8
16.Be2 Rc5 17.Bf3 Rb8 18.Rad1 Ne8 19.Nb3 Rc7 20.Nd4 Nd6 21.h4 b5 22.a3 a5
23.Re5 b4 24.cxb4 axb4 25.axb4 Rxb4 26.b3 f6 27.Re3 e5 28.g3 Kf8 29.Nc6 Bxc6
30.Rxd6 Be8 31.Rd8 Ke7 32.Ra8 Bf7 33.Rh8 h6 34.Rh7 Kf8 35.Rh8+ Ke7 36.Rh7 Kf8
37.Rh8+ Ke7  1/2-1/2

[Event "Abu Dhabi Masters Online"]
[Site "chess.com INT"]
[Date "2024.08.21"]
[Round "4"]
[White "Nakamura,Hi"]
[Black "Alexakis,Dimitris"]
[Result "1-0"]
[WhiteElo "2802"]
[BlackElo "2503"]

1.Nf3 c5 2.e4 e6 3.c3 d5 4.Bd3 Nc6 5.Qe2 dxe4 6.Bxe4 Nf6 7.Bxc6+ bxc6 8.d3 Ba6
9.c4 Be7 10.b3 O-O 11.Bb2 Nd7 12.Nc3 e5 13.O-O Re8 14.Rfe1 f6 15.Qe4 Nf8
16.Qxc6 Qb6 17.Qxb6 axb6 18.Nd5 Bd8 19.d4 cxd4 20.Nxd4 Bb7 21.Nb5 Bxd5 22.cxd5 Re7
23.a4 Rd7 24.d6 Ne6 25.Ba3 Rc8 26.Rac1 Rxc1 27.Rxc1 Kf7 28.Kf1 f5 29.Rc6 g5
30.Bb2 e4 31.b4 f4 32.Nc3 e3 33.fxe3 fxe3 34.Nd5 e2+ 35.Kxe2 Kg6 36.Nxb6 Nf4+
37.Kd2 Rf7 38.a5 Nxg2 39.Rc8 Rf2+ 40.Kc1 Bf6 41.Bxf6 Rxf6 42.d7  1-0

[Event "Abu Dhabi Masters Online"]
[Site "chess.com INT"]
[Date "2024.08.21"]
[Round "5"]
[White "Nakamura,Hi"]
[Black "Zhao Jun"]
[Result "1/2-1/2"]
[WhiteElo "2802"]
[BlackElo "2535"]

1.Nf3 Nf6 2.g3 d5 3.Bg2 c6 4.d3 Bg4 5.Nbd2 Nbd7 6.h3 Bxf3 7.Bxf3 e6 8.e4 Be7
9.O-O O-O 10.Qe2 a5 11.Bg2 a4 12.a3 Qb6 13.e5 Ne8 14.Kh2 Nc7 15.h4 Nb5 16.c3 d4
17.c4 Nc7 18.h5 Na6 19.h6 g6 20.Nf3 Ndc5 21.Nxd4 Rad8 22.Be3 Qc7 23.f4 Rd7
24.Be4 Rfd8 25.Nf3 Nxd3 26.Rad1 Nac5 27.Bxd3 Nxd3 28.Rd2 Nc5 29.Rfd1 Nb3
30.Rd3 Rxd3 31.Rxd3 Rxd3 32.Qxd3 Qd8 33.Qxd8+ Bxd8 34.g4 Na5 35.Nd2 b5 36.cxb5 cxb5
37.Ne4 Nc4 38.Bd4 Be7 39.Kg2 b4 40.axb4 Bxb4 41.f5 gxf5 42.gxf5 a3 43.bxa3 Bxa3
44.Nf6+ Kh8 45.Ne8 Bb2 46.Bxb2 Nxb2 47.Kf3 Nd3 48.Ke4 Nc5+ 49.Kd4 Nd7 50.Ke4 Nc5+
51.Ke3 Nd7 52.Kf4 Kg8 53.Nc7 exf5 54.Kxf5 Kf8 55.Nd5 Kg8 56.Ke4 Kf8 57.Kf4 Nc5
58.Nf6 Ne6+ 59.Kf5 Nd4+ 60.Ke4 Ne6 61.Nxh7+ Kg8 62.Nf6+ Kh8 63.Kd5 Nf4+ 64.Kd4 Ng6
65.Ke4 Ne7 66.Ke3 Ng6 67.Kd4 Ne7 68.Kc5 Ng6 69.Kd6 Nxe5 70.Kxe5  1/2-1/2

[Event "Abu Dhabi Masters Online"]
[Site "chess.com INT"]
[Date "2024.08.21"]
[Round "6"]
[White "Troff,Kayden"]
[Black "Nakamura,Hi"]
[Result "0-1"]
[WhiteElo "2490"]
[BlackElo "2802"]

1.d4 e6 2.Nf3 b6 3.Bf4 Bb7 4.Nbd2 Nf6 5.e3 Be7 6.a4 Nh5 7.Bg3 Nxg3 8.hxg3 a6
9.a5 b5 10.c4 bxc4 11.Bxc4 d6 12.b4 Nd7 13.Qc2 h6 14.Rb1 O-O 15.g4 Rb8 16.Qd3 c5
17.g5 Bxg5 18.dxc5 Bf6 19.Qxd6 Bxf3 20.Nxf3 Bc3+ 21.Ke2 Bxb4 22.Rhd1 Qxa5
23.Qxd7 Bxc5 24.Rxb8 Rxb8 25.Ne5 Be7 26.Qxe7 Qxe5 27.Rd8+ Rxd8 28.Qxd8+ Kh7
29.Bxa6 Qh5+ 30.f3 Qh2 31.Kf2 Qe5 32.Qd4 Qa5 33.Bd3+ g6 34.Be2 Qc7 35.g3 Qc2
36.Qc4 Qb2 37.Qb5 Qa2 38.f4 Kg8 39.Qb8+ Kh7 40.Qe5 Qb1 41.g4 Qh1 42.Qd4 Qh2+
43.Ke1 Qh1+ 44.Kd2 Qg2 45.Qf6 Qd5+ 46.Ke1 Qh1+ 47.Kd2 Qd5+ 48.Bd3 Kg8 49.f5 Qg2+
50.Kc3 Qa8 51.fxe6 Qa1+  0-1

[Event "Abu Dhabi Masters Online"]
[Site "chess.com INT"]
[Date "2024.08.21"]
[Round "7"]
[White "Nakamura,Hi"]
[Black "Shankland,S"]
[Result "1-0"]
[WhiteElo "2802"]
[BlackElo "2669"]

1.Nf3 d5 2.g3 g6 3.Bg2 Bg7 4.O-O e5 5.d3 Nc6 6.Nc3 d4 7.Ne4 h6 8.c3 Nge7
9.cxd4 exd4 10.a3 a5 11.Bd2 f5 12.Nc5 b6 13.Na4 O-O 14.Qc1 Kh7 15.b4 axb4
16.axb4 Be6 17.b5 Na5 18.Nc5 Bd5 19.Bxa5 bxa5 20.Qd2 Qd6 21.Rfc1 Rfb8 22.Na6 Rb7
23.Rxa5 Raa7 24.Nc5 Rxa5 25.Nxb7 Bxb7 26.Qxa5 Nd5 27.Rc4 Nb6 28.Rc2 Nd5 29.Qa7 Nb4
30.Rc1  1-0

[Event "Abu Dhabi Masters Online"]
[Site "chess.com INT"]
[Date "2024.08.21"]
[Round "8"]
[White "Bok,B"]
[Black "Nakamura,Hi"]
[Result "0-1"]
[WhiteElo "2596"]
[BlackElo "2802"]

1.d4 e6 2.c4 b6 3.e4 g6 4.Nf3 Bg7 5.Nc3 d6 6.Be2 Ne7 7.O-O O-O 8.Be3 h6 9.Qd2 Kh7
10.Rfd1 Nd7 11.b4 a5 12.a3 Bb7 13.h3 Ng8 14.Rac1 Ngf6 15.d5 Re8 16.Nd4 exd5
17.exd5 Ne4 18.Nxe4 Rxe4 19.Re1 axb4 20.axb4 Re7 21.Nc6 Bxc6 22.dxc6 Nf6
23.Bf3 Ra3 24.Bd4 Ra8 25.Qb2 Ne8 26.Bd5 Bxd4 27.Qxd4 Ng7 28.g4 f5 29.Kg2 Qf8
30.Rxe7 Qxe7 31.Rc3 fxg4 32.hxg4 Qg5 33.Rf3 Nf5 34.Qf4 Nh4+ 35.Kg3 Nxf3 36.Qf7+ Kh8
37.Bxf3 Qe5+ 38.Kg2 Qg7 39.Qe6 Rf8 40.Bd5 Qf6 41.Qe3 Qf4 42.Qe2 Qe5 43.Qd3 Kg7
44.f3 Ra8 45.Qd2 Qa1 46.Qf4 Ra2+ 47.Kh3 Qh1+ 48.Kg3 Qh2+  0-1